The hindus : (Record no. 100077)

MARC details
000 -LEADER
fixed length control field 00603nam a22001937a 4500
005 - DATE AND TIME OF LATEST TRANSACTION
control field 20160624155711.0
010 ## - LCCN (DPL NO)
LC control number ENG-115155
020 ## - INTERNATIONAL STANDARD BOOK NUMBER
International Standard Book Number 9789385288661
Terms of availability 799.00
035 ## - SYSTEM CONTROL NUMBER
System control number EN-98687
037 ## - SOURCE OF ACQUISITION
Source of stock number/acquisition DBAD/PUB
082 ## - DEWEY DECIMAL CLASSIFICATION NUMBER
Classification number 230
100 ## - MAIN ENTRY--PERSONAL NAME
Personal name Doniger, Wendy
245 ## - TITLE STATEMENT
Title The hindus :
Statement of responsibility, etc by Wendy Doniger
Remainder of title an alternative history /
260 ## - PUBLICATION, DISTRIBUTION, ETC. (IMPRINT)
Place of publication, distribution, etc New Delhi
Name of publisher, distributor, etc Speaking Tiger
Date of publication, distribution, etc 2015
270 ## - ADDRESS
Address 4381/4 Ansari Road, Daryaganj,
City New Delhi
Postal code 110002
300 ## - PHYSICAL DESCRIPTION
Extent 779p. :
Dimensions 24cm(pbk)
Other physical details ill.,maps
500 ## - GENERAL NOTE
General note Includes bibliographical references and index
942 ## - ADDED ENTRY ELEMENTS (KOHA)
Source of classification or shelving scheme Dewey Decimal Classification
Item type English Books
Classification part 230
Call number suffix DON
Holdings
Withdrawn status Lost status Not for loan Collection code Home library Current library Date acquired Source of acquisition Cost, normal purchase price Full call number Barcode Copy number Cost, replacement price Koha item type
    Not For Loan Non-fiction D.B.Act.Division Bawana 25/05/2016 DBAD/PUB 799.00 230 DON EN-98687 1 799.00 English Books

© Delhi Public Library
Hit Counter
free hit counter